000 00340nam a2200133Ia 4500
008 190328s9999||||xx |||||||||||||| ||und||
082 _a923
_bSHA/B
100 _aSharma, O. P.
245 0 _aBlessings to Satyarth, Ushmey and Saiba: Poetry
250 _a1st
260 _aNew Delhi
_bAnuradha Prakashan
_c2014
300 _a53p.
942 _cBK
999 _c4641
_d4641